Internal combustion engines (Record no. 1004)
[ view plain ]
| 000 -LEADER | |
|---|---|
| fixed length control field | 00604nac a22002051u 4500 |
| 008 - FIXED-LENGTH DATA ELEMENTS--GENERAL INFORMATION | |
| fixed length control field | 150827r20052004ii a fr 001 0 eng d |
| 020 ## - INTERNATIONAL STANDARD BOOK NUMBER | |
| International Standard Book Number | 8188458503 |
| 020 ## - INTERNATIONAL STANDARD BOOK NUMBER | |
| International Standard Book Number | 9788188458509 |
| 082 04 - DEWEY DECIMAL CLASSIFICATION NUMBER | |
| Classification number | 621.43 |
| Item number | SIN |
| 100 ## - MAIN ENTRY--PERSONAL NAME | |
| Personal name | Singal, R. K. |
| 245 10 - TITLE STATEMENT | |
| Title | Internal combustion engines |
| Statement of responsibility, etc | R. K. Singal. |
| 260 ## - PUBLICATION, DISTRIBUTION, ETC. (IMPRINT) | |
| Place of publication, distribution, etc | New Delhi : |
| Name of publisher, distributor, etc | Kataria & Sons., |
| Date of publication, distribution, etc | 2005. |
| 300 ## - PHYSICAL DESCRIPTION | |
| Extent | 406 p. : |
| Other physical details | ill. ; |
| Dimensions | 23 cm. |
| 500 ## - GENERAL NOTE | |
| General note | Index: p. 403-406. |
| 590 ## - LOCAL NOTE (RLIN) | |
| Local note | Mohamed Hussein |
| 650 ## - SUBJECT ADDED ENTRY--TOPICAL TERM | |
| Topical term or geographic name as entry element | Internal combustion engines. |
| Source of heading or term | BUEsh |
| 651 ## - SUBJECT ADDED ENTRY--GEOGRAPHIC NAME | |
| Source of heading or term | BUEsh |
| 653 ## - INDEX TERM--UNCONTROLLED | |
| Resource For college | Engineering, Mechanical |
| Arrived date list | August2015 |
| 942 ## - ADDED ENTRY ELEMENTS (KOHA) | |
| Item type | Book - Borrowing |
| Call number prefix | 621.43S61712 |
| Source of classification or shelving scheme | Dewey Decimal Classification |
| Withdrawn status | Item status | Source of classification or shelving scheme | Damaged status | Not for loan | Vendor | Home library | Current library | Shelving location | Date acquired | Source of acquisition | Cost, normal purchase price | Total Checkouts | Full call number | Barcode | Date last seen | Cost, replacement price | Koha item type | Total Renewals | Date last borrowed |
|---|---|---|---|---|---|---|---|---|---|---|---|---|---|---|---|---|---|---|---|
| Dewey Decimal Classification | Central Library | Central Library | First floor | 06/08/2016 | 60.00 | 1 | 621.43 SIN | 000003503 | 15/07/2025 | 75.00 | Book - Borrowing | ||||||||
| Dewey Decimal Classification | Central Library | Central Library | First floor | 06/08/2016 | 60.00 | 1 | 621.43 SIN | 000003502 | 15/07/2025 | 75.00 | Book - Borrowing | 2 | 14/12/2008 | ||||||
| Dewey Decimal Classification | Central Library | Central Library | First floor | 27/08/2015 | Purchase | 621.43 SIN | 000011359 | 15/07/2025 | NB - Book (Non borrowing) |